| 000 | 01233nam a22001937a 4500 | ||
|---|---|---|---|
| 003 | NITTTR | ||
| 005 | 20260401155756.0 | ||
| 008 | 260401b |||||||| |||| 00| 0 eng d | ||
| 020 | _a9788171380480 | ||
| 040 |
_bEng-Hindi _cIN-NITTTR |
||
| 082 |
_2First _a491.435 _bB469S |
||
| 100 |
_aBhatnagar, Rajendramohan - भटनागर, राजेंद्रमोहन _d2012 |
||
| 245 |
_aSamayik Hindi Vyakaran - सामयिक हिंदी व्याकरण _hHindi |
||
| 250 | _aFirst | ||
| 260 |
_aNew Delhi, India _bSamayik Prakashan _c1 January 2012 |
||
| 300 |
_a208 p. _c20 x 14 x 4 cm _fVolume |
||
| 650 |
_aहिंदी व्याकरण (Hindi Grammar) सामयिक दृष्टिकोण (Contemporary Approach), भाषा संरचना, शब्द निर्माण (Morphology), वाक्य रचना (Syntax), व्याकरणिक नियम संज्ञा, सर्वनाम, विशेषण क्रिया और काल, शुद्ध भाषा प्रयोग, हिंदी लेखन कौशल, भाषा और प्रयोग, हिंदी भाषा अध्ययन _zIndia |
||
| 942 |
_2ddc _cBK _eFirst _n1 |
||
| 999 |
_c35970 _d35970 |
||